书目信息 |
| 题名: |
城市地理信息系统应用案例分析
|
|
| 作者: | 许小兰 , 伍杨屹 , 焦洪赞 , 于卓 编著 | |
| 分册: | ||
| 出版信息: | 武汉 武汉大学出版社 2024.07 |
|
| 页数: | 208页 | |
| 开本: | 26cm | |
| 丛书名: | ||
| 单 册: | ||
| 中图分类: | TU984 | |
| 科图分类: | ||
| 主题词: | 城市--cheng shi--地理信息系统 | |
| 电子资源: | ||
| ISBN: | 978-7-307-24443-6 | |
| 000 | 01153nam0 2200289 450 | |
| 001 | 89981 | |
| 005 | 20250815092313.06 | |
| 010 | @a978-7-307-24443-6@dCNY50.00 | |
| 100 | @a20240827d2024 em y0chiy50 ea | |
| 101 | 0 | @achi |
| 102 | @aCN@b420000 | |
| 105 | @aab a 000yy | |
| 106 | @ar | |
| 200 | 1 | @a城市地理信息系统应用案例分析@Acheng shi di li xin xi xi tong ying yong an li fen xi@f许小兰 ... [等] 编著 |
| 210 | @a武汉@c武汉大学出版社@d2024.07 | |
| 215 | @a208页@c图, 地图@d26cm | |
| 304 | @a题名页题其余责任者: 伍杨屹, 焦洪赞, 于卓 | |
| 320 | @a有书目 | |
| 330 | @a本书运用GeoScene Pro软件介绍了GIS在规划中的一些应用实例, 主要涉及专题图制作、可达性分析、日照分析、选址分析、适宜性评价等六大方面。每个实例都包含实验目的和意义、实验内容、实验数据、实验流程图、模型结构图、实验步骤、结论与展望七个部分, 突出了GIS在城市规划中的应用价值。 | |
| 606 | 0 | @a城市@Acheng shi@x地理信息系统 |
| 690 | @aTU984@v5 | |
| 701 | 0 | @a许小兰@Axu xiao lan@4编著 |
| 701 | 0 | @a伍杨屹@Awu yang yi@4编著 |
| 701 | 0 | @a焦洪赞@Ajiao hong zan@4编著 |
| 701 | 0 | @a于卓@Ayu zhuo@4编著 |
| 801 | 0 | @aCN@c20250909 |
| 905 | @a河南城建学院图书馆@dTU984@eX900-2@f1 | |
| 城市地理信息系统应用案例分析/许小兰 ... [等] 编著.-武汉:武汉大学出版社,2024.07 |
| 208页:图, 地图;26cm |
| ISBN 978-7-307-24443-6:CNY50.00 |
| 本书运用GeoScene Pro软件介绍了GIS在规划中的一些应用实例, 主要涉及专题图制作、可达性分析、日照分析、选址分析、适宜性评价等六大方面。每个实例都包含实验目的和意义、实验内容、实验数据、实验流程图、模型结构图、实验步骤、结论与展望七个部分, 突出了GIS在城市规划中的应用价值。 |
| ● |
| 相关链接 |
|
|
|
正题名:城市地理信息系统应用案例分析
索取号:TU984/X900-2
 
预约/预借
| 序号 | 登录号 | 条形码 | 馆藏地/架位号 | 状态 | 备注 |
| 1 | 1623943 | 216239434 | 建筑库201/201建筑库 61排3列5层/ [索取号:TU984/X900-2] | 在馆 |